• 首页
  • 本馆介绍
  • 公告通知
  • 最新文献
  • 馆藏检索
  • 电子资源
  • 读者导购
  • 参考咨询
  • 我的图书馆
  • 登录
  • 详细信息显示
  • 放入我的书架
  • 预约/预借图书
  • 作者相关作品
  • 分类相关作品
  • 丛书相关作品
  • 出版社相关作品

书目信息

  • 表格格式
  • 工作单格式
  • 卡片格式
题名:
杰斐逊集
    
 
作者: 彼得森 注释 ;刘祚昌 , 邓红风 译
分册: 下  
出版信息: 北京   三联书店  1996
页数: 773-1863页
开本: 19cm
丛书名:
单 册:
中图分类: D771.209
科图分类:
主题词: 书信集-杰佛逊,T. , 杰佛逊,T.-书信集
电子资源:
ISBN: 7-108-00839-4
000 00754nam0 2200253 45
001 0197105224
005 20070731101924.53
010    @a7-108-00839-4@b精装@dCNY58.00
100    @a19970318d1993 em y0chiy0120 ea
101 1  @achi@ceng
102    @aCN@b110000
105    @ay z 000yy
200 10 @a杰斐逊集@Ajie fei xun ji@h下@f( )梅利尔·D.彼得森注释编辑@g刘祚昌,邓红风译
210    @a北京@c三联书店@d1996
215    @a773-1863页@d19cm
600  1 @a杰佛逊@bT.@x文集
606    @a书信集-杰佛逊,T.
606    @a杰佛逊,T.-书信集
690    @aD771.209@v3
701  1 @a彼得森@Abi de sen@b梅利尔·D.@4注释
702  0 @a刘祚昌@Aliu zuo chang@4译
702  0 @a邓红风@Adeng hong feng@4译
801  0 @aCN@bTSSF@c20070731
905    @a10447@dD771.209@e335:2
    
    杰斐逊集.下/( )梅利尔·D.彼得森注释编辑/刘祚昌,邓红风译.-北京:三联书店,1996
    773-1863页;19cm
    
    
    ISBN 7-108-00839-4(精装):CNY58.00
    
●
相关链接 在E读中查询图书 在五车中查询图书 在当当中查询图书 在豆瓣中查询图书


正题名:杰斐逊集     索取号:D771.209/335:2         预约/预借

序号 登录号 条形码 馆藏地/架位号 状态 备注
1 0789343   207893430   第一样本阅览室/ [索取号:D771.209/335:2] 在馆    
唐山师范学院图书馆 欢迎您!
大连网信软件有限公司© 版权所有